Speculation and revelation in the age of Christian philosophy. (Record no. 15224)

MARC details
000 -LEADER
fixed length control field 01043cam a22002771 4500
001 - CONTROL NUMBER
control field 8418937
005 - DATE AND TIME OF LATEST TRANSACTION
control field 20050708184641.0
008 - FIXED-LENGTH DATA ELEMENTS--GENERAL INFORMATION
fixed length control field 750630s1959 pau b 000 0 eng
010 ## - LIBRARY OF CONGRESS CONTROL NUMBER
LC control number 59009947
035 ## - SYSTEM CONTROL NUMBER
System control number (OCoLC)1421312
040 ## - CATALOGING SOURCE
Original cataloging agency DLC
Transcribing agency FO
Modifying agency MBU
-- DCHS
-- DLC
042 ## - AUTHENTICATION CODE
Authentication code premarc
050 00 - LIBRARY OF CONGRESS CALL NUMBER
Classification number BT23
Item number .K76 1959
100 1# - MAIN ENTRY--PERSONAL NAME
Personal name Kroner, Richard,
Dates associated with a name 1884-
245 10 - TITLE STATEMENT
Title Speculation and revelation in the age of Christian philosophy.
260 ## - PUBLICATION, DISTRIBUTION, ETC. (IMPRINT)
Place of publication, distribution, etc Philadelphia,
Name of publisher, distributor, etc Westminster Press
Date of publication, distribution, etc [1959]
300 ## - PHYSICAL DESCRIPTION
Extent 269 p.
Dimensions 24 cm.
490 1# - SERIES STATEMENT
Series statement His Speculation and revelation in the history of philosophy
504 ## - BIBLIOGRAPHY, ETC. NOTE
Bibliography, etc Includes bibliography.
650 #0 - SUBJECT ADDED ENTRY--TOPICAL TERM
Topical term or geographic name as entry element Theology, Doctrinal
General subdivision History.
650 #0 - SUBJECT ADDED ENTRY--TOPICAL TERM
Topical term or geographic name as entry element Philosophy
General subdivision History.
800 1# - SERIES ADDED ENTRY--PERSONAL NAME
Personal name Kroner, Richard,
Dates associated with a name 1884-
Title of a work Speculation and revelation in the history of philosophy.
906 ## - LOCAL DATA ELEMENT F, LDF (RLIN)
a 7
b cbc
c oclcrpl
d u
e ncip
f 19
g y-gencatlg
942 ## - ADDED ENTRY ELEMENTS (KOHA)
Source of classification or shelving scheme Library of Congress Classification
Item type Book
Holdings
Withdrawn status Lost status Source of classification or shelving scheme Damaged status Not for loan Home library Current library Date acquired Total Checkouts Full call number Barcode Date last borrowed Price effective from Koha item type
    Library of Congress Classification     Bishop Okullu Memorial Library (Limuru Campus) Bishop Okullu Memorial Library (Limuru Campus) 15/12/2008 2 BT23.K76 1959 011248 16/02/2016 15/12/2008 Book